00746nam a2200193 a 450000100100000000500170001000800410002702000150006804000250008308200140010810000350012224500950015726000420025230000280029459000270032250000680034995201180041799900170053500004029020201002034033.0130821s2005 sp a 000 0 spa d a8496435202 aDO-SdBNPbspacBNPHU axxxbxxxx1 aIgea Aznar, Juan Manuel96657010aAlergia :bla epidemia del siglo XXI /cJuan Manuel Igea Aznar, María Palomero Mesonero. aMálaga, España :bArguval,c2005. a152 p. :bil. ;c16 cm. aInventariado, 2019/ YL aIncluye datos biográficos de los autores en la contracubierta 001054708MOaGRbGRcCTd2013-08-21iLF1l0oxxx xxxxp40290-10r2020-06-25w2020-06-25y4ZPréstamo en sala c39780d39780